| 000 | 00482nam a2200133 a 4500 | ||
|---|---|---|---|
| 008 | 120416s9999 ||||||||||||||||| || u | ||
| 050 | _aTHESIS/STUDENT | ||
| 100 | _aBanda, Misheck-Table | ||
| 245 | 1 | 4 | _aThe causes of lecturer turnover at universities |
| 246 | _athe case of the Copperbelt University | ||
| 260 | _a2001 | ||
| 350 | _a0.00 | ||
| 995 |
_D0.00 _FCBU-MAIN LIBRARY (Kitwe) _H1 _I0.00 _UAVAILABLE _ZUniversity Collection |
||
| 999 |
_c36871 _d36871 |
||